Top 10 Fruit Producers World-Wide - Sudden Death - Statistics

General Stats
  • This quiz has been taken 62 times
  • The average score is 5 of 10
Answers on the Grid
Answers color-coded by a green-red scale on the quiz's grid according to % correct below.
Algeria
Australia
Brazil
China
DRC
France
Germany
India
Indonesia
Italy
Malaysia
Mexico
Nigeria
Pakistan
Philippines
Russia
Spain
Turkey
UK
USA
 
Answer Stats
Answer % Correct
Brazil
81%
China
70%
USA
70%
Mexico
64%
India
60%
Indonesia
51%
Philippines
28%
Turkey
28%
Italy
21%
Nigeria
4%
No matching quizzes found
Score Distribution
Percent of People with Each Score
Percentile by Number Answered
Your Score History
You have not taken this quiz